| 000 | 03544nab a2200385 4500 | ||
|---|---|---|---|
| 003 | BR-BrBNA | ||
| 005 | 20250918154414.0 | ||
| 008 | 250918b2024 bl.ar|pooa||| 00| 0 eng | | ||
| 040 |
_aBR-BrBNA _bpor |
||
| 072 |
_aL01 ; L02 ; L53 _b5600 ; 8954 |
||
| 100 | _aOliveira, José Vladmir Araujo | ||
| 100 | _aWatanabe, Pedro Henrique | ||
| 100 | _aVieira Neto, Maurício Francisco | ||
| 100 | _aNascimento, Germano Augusto Jerônimo do | ||
| 100 | _aNepomuceno, Rafael Carlos | ||
| 100 | _aPacheco, Paulo Natanael Lima | ||
| 100 | _aSantos, Marcelo Emersom Costa | ||
| 100 | _aFreitas, Ednardo Rodrigues | ||
| 245 | _aCalcium anacardate as source of phenolic compounds in diet for New Zealand White female rabbits | ||
| 500 | _aSummaries (En, Pt); 35 ref.; 7 tables | ||
| 520 | _aAbstract – The objective of this work was to evaluate the effect of the dietary addition of calcium anacardate as a source of phenolic compounds on the reproductive performance and blood antioxidant parameters of New Zealand White female rabbits. Twenty-seven New Zealand White female rabbits were distributed in a randomized complete block design with three treatments and nine replicates, considering one animal as the experimental unit. The treatments consisted of pelleted diets with different inclusion levels of calcium anacardate (0, 0.5, and 1.0%). The inclusion of calcium anacardate in the diets increased the concentration of phenolic compounds and the antioxidant capacity in the blood of lactating female rabbits. Calcium anacardate at the level of 1.0% improves the feed conversion ratio during gestation and increases the phenolic compounds and antioxidant capacity in the blood serum of female rabbits at 21 days of lactation. Index terms: Oryctolagus cuniculus, gestation, lactation, natural antioxidant, phenolic compounds. | ||
| 520 | _aResumo ‒ O objetivo deste trabalho foi avaliar o efeito da adição dietética de anacardato de cálcio como fonte de ácido anacárdico sobre o desempenho reprodutivo e os parâmetros antioxidantes sanguíneos de coelhas Nova Zelândia Branco. Vinte e sete fêmeas da raça Nova Zelândia Branco foram distribuídas em delineamento em blocos ao acaso, com três tratamentos e nove repetições, tendo-se considerado um animal como unidade experimental. Os tratamentos consistiram em rações peletizadas, com diferentes níveis de inclusão de anacardato de cálcio (0, 0,5 e 1,0%). A inclusão de anacardato de cálcio nas dietas aumentou a concentração de compostos fenólicos e a capacidade antioxidante no sangue das coelhas fêmeas lactantes. O anacardato de cálcio ao nível de 1,0% melhora a conversão alimentar durante a gestação e aumenta os compostos fenólicos e a capacidade antioxidante no soro sanguíneo das coelhas aos 21 dias de lactação. Termos para indexação: Oryctolagus cuniculus, gestação, lactação, antioxidante natural, compostos fenólicos. | ||
| 650 | _aCOELHO | ||
| 650 | _aORYCTOLAGUS CUNICULUS | ||
| 650 | _aALIMENTAÇÃO ANIMAL | ||
| 650 | _aDESEMPENHO REPRODUTIVO | ||
| 650 | _aGESTAÇÃO | ||
| 650 | _aLACTAÇÃO | ||
| 650 | _aANTIOXIDANTE | ||
| 650 | _aCOMPOSTO FENÓLICO | ||
| 773 | 0 |
_0920 _9357578 _dBrasília-DF Empresa Brasileira de Pesquisa Agropecuária - EMBRAPA 1966- _o2025-5543 _tPesquisa Agropecuária Brasileira (Brazil) _x0100-204X _gv. 59 p. 1-8; (2024) _wBR2025002467 |
|
| 856 | _uhttps://www.scielo.br/j/pab/a/VjttqjqngFWyGBgzpJZYJhN/?format=pdf&lang=en | ||
| 942 | _cANA | ||
| 999 |
_c338252 _d338252 |
||